000 00421nam a22001697a 4500
003 MPLRDC
005 20220104124425.0
008 210129b ||||| |||| 00| 0 eng d
082 _a859.6 SJMJ-3 v.4
100 _a钱正改编
245 _a黑心鬼的故事
_c
260 _a
_b人民企业有限公司
_c
300 _b
490 _a世界民间童话故事丛书
650 _a
942 _cBK
_o859.6 SJMJ-3 v.4
999 _c19221
_d19211